000 00574nam a22002057a 4500
003 BUBTL
008 230721b ||||| |||| 00| 0 eng d
020 _a9789848936048
082 _a347.077/ H7949c/ 2011
100 _95377
_aHossain, Belayet
245 _aCourt Fees & Suits Valuation Act/
_bBelayet Hossain
250 _a1st ed.
260 _aDhaka
_bHira Publications
_cc2011
300 _a[14],264p. :
_bill. ; 21 cm.
526 _aLaw
650 0 _926
_aLaw
856 _k0
_l0
_yDownload
942 _2ddc
_cBK
999 _c7064
_d7064